[Event "Madrid-ch sf"]
[Site "Madrid"]
[Date "2022.05.06"]
[Round "3"]
[White "Armenteros Peral, Javier"]
[Black "Martinez Fernandez, Raul"]
[Result "0-1"]
[WhiteElo "2000"]
[BlackElo "2204"]
[PlyCount "172"]
[EventDate "2022.05.04"]
[EventType "swiss"]
[EventRounds "9"]
[EventCountry "ESP"]
[SourceTitle "EXT 2023"]
[Source "ChessBase"]
[SourceDate "2022.10.05"]
[SourceVersion "1"]
[SourceVersionDate "2022.10.05"]
[SourceQuality "1"]

1. e4 e5 2. Nf3 Nc6 3. d4 exd4 4. Nxd4 Nf6 5. Nc3 Nxe4 6. Nxe4 Qe7 7. f3 d5 8. Bb5 Bd7 9. Bxc6 bxc6 10. 0-0 dxe4 11. fxe4 c5 12. Nf3 Qd6 13. Be3 Bb5 14. Rf2 Qxd1+ 15. Rxd1 Be7 16. Ne5 f6 17. Nd3 0-0-0 18. Rdd2 c4 19. Nf4 Rxd2 20. Rxd2 c3 21. bxc3 a5 22. Ne6 Bc4 23. Nxg7 a4 24. Nf5 Ba3 25. Rd4 Bb5 26. Rd5 Bc6 27. Ra5 Rd8 28. Nd4 Bxe4 29. Rxa4 Bc5 30. Kf2 Bb6 31. Ne6 Bc6 32. Nxd8 Bxa4 33. Nf7 Ba5 34. Bd4 Kd7 35. Nh6 Ke6 36. Ng4 Bxc2 37. Ne3 Bd3 38. Nd1 c6 39. Ke3 Bb1 40. a3 Bc7 41. g3 Bd6 42. c4 Bxa3 43. Nc3 Bc1+ 44. Ke2 Bc2 45. Na2 Bh6 46. Nb4 Be4 47. Nd3 Kf5 48. g4+ Kg6 49. h4 Bh1 50. Be3 Bf8 51. Nf4+ Kf7 52. Bd4 Be4 53. Ke3 Bc2 54. Nh5 Be7 55. Ng3 Bd1 56. Ne2 Ba3 57. Kd2 Bb3 58. Kc3 Ba2 59. Ng3 Bb1 60. Kd2 Bd6 61. Nh5 f5 62. g5 Kg6 63. Nf6 Bg3 64. h5+ Kxg5 65. Nxh7+ Kxh5 66. Nf6+ Kg5 67. Nd7 Be4 68. Ke2 Bg2 69. Ne5 Kf4 70. Ng6+ Ke4 71. Bf2 Bf3+ 72. Ke1 Bxf2+ 73. Kxf2 Bh5 74. Ne7 c5 75. Nd5 Bf7 76. Nb6 Kd4 77. Kf3 Bxc4 78. Kf4 Be6 79. Na8 c4 80. Nc7 Bd7 81. Na6 c3 82. Nb4 Kc4 83. Nc2 Kd3 84. Ne1+ Ke2 85. Nc2 Kd2 86. Nd4 c2 0-1

[Event "Madrid-ch sf"]
[Site "Madrid"]
[Date "2022.05.05"]
[Round "2"]
[White "Armenteros Peral, Javier"]
[Black "Ruiz Buendia, Miguel"]
[Result "0-1"]
[WhiteElo "2000"]
[BlackElo "2162"]
[PlyCount "114"]
[EventDate "2022.05.04"]
[EventType "swiss"]
[EventRounds "9"]
[EventCountry "ESP"]
[SourceTitle "EXT 2023"]
[Source "ChessBase"]
[SourceDate "2022.10.05"]
[SourceVersion "1"]
[SourceVersionDate "2022.10.05"]
[SourceQuality "1"]

1. e4 c5 2. Nf3 Nc6 3. d4 cxd4 4. Nxd4 g6 5. Nc3 Bg7 6. Nde2 Nf6 7. g3 b5 8. Bg2 b4 9. Nd5 a5 10. a3 Ba6 11. axb4 axb4 12. Be3 0-0 13. 0-0 Ng4 14. Bc1 e6 15. Ndf4 Qb6 16. Nd3 Nce5 17. h3 b3 18. Nxe5 bxc2 19. Qxc2 Nxe5 20. Be3 Qb5 21. Nc3 Qd3 22. Rfc1 Qxc2 23. Rxc2 Nc4 24. Nd1 Nxe3 25. Nxe3 Bb5 26. Rxa8 Rxa8 27. b3 Kf8 28. Nc4 Ra1+ 29. Kh2 Ke7 30. f4 Bd4 31. g4 g5 32. Kg3 Rb1 33. Nd2 Bd3 34. Rc4 Bxc4 35. Nxb1 gxf4+ 36. Kxf4 Bxb3 37. Nd2 Ba2 38. Kf3 d5 39. Ke2 Kd6 40. Kd3 Kc5 41. exd5 exd5 42. h4 Bf2 43. h5 Be1 44. Nf3 Bc4+ 45. Kc2 Bg3 46. Ng5 Kd4 47. Nxf7 Ke3 48. Nh6 Kf2 49. Nf5 Kxg2 50. g5 Be5 51. g6 hxg6 52. hxg6 d4 53. Nh6 Kf3 54. Nf7 d3+ 55. Kd2 Bf4+ 56. Kc3 d2 57. Kxc4 d1Q 0-1

[Event "Madrid-chT Honor 2122"]
[Site "Madrid"]
[Date "2022.02.26"]
[Round "11.6"]
[White "Suarez Uriel, Adrian"]
[Black "Armenteros Peral, Javier"]
[Result "1-0"]
[WhiteElo "2352"]
[BlackElo "1992"]
[PlyCount "75"]
[EventDate "2021.11.27"]
[EventType "team-tourn"]
[EventRounds "14"]
[EventCountry "ESP"]
[SourceTitle "EXT 2024"]
[Source "ChessBase"]
[SourceDate "2023.10.10"]
[SourceVersion "1"]
[SourceVersionDate "2023.10.10"]
[SourceQuality "1"]
[WhiteTeam "Collado Villalba"]
[BlackTeam "Blanco y Negro"]
[WhiteTeamCountry "ESP"]
[BlackTeamCountry "ESP"]

1. e4 e5 2. Nf3 Nf6 3. Nxe5 d6 4. Nf3 Nxe4 5. Nc3 Nxc3 6. dxc3 Be7 7. Be3 Nd7 8. Qd2 0-0 9. 0-0-0 c6 10. c4 Ne5 11. Qc3 Qc7 12. Kb1 Bf6 13. Bg5 Ng4 14. Bxf6 Nxf6 15. Rd4 Rd8 16. Bd3 d5 17. Rd1 Be6 18. Ng5 Bg4 19. f3 Bh5 20. cxd5 c5 21. g4 Bg6 22. Bxg6 hxg6 23. d6 Qc6 24. R4d2 Rd7 25. Qc4 b5 26. Qf4 c4 27. c3 b4 28. cxb4 a5 29. Rc1 Rc8 30. Rdc2 Qd5 31. Rd2 Qb5 32. Rd4 c3 33. Rxc3 Rxc3 34. bxc3 axb4 35. cxb4 Nd5 36. Qc1 Nb6 37. h4 Qe5 38. Re4 1-0

[Event "Madrid-chT 2021"]
[Site "Madrid"]
[Date "2021.05.23"]
[Round "12.5"]
[White "Armenteros Peral, Javier"]
[Black "Suarez Uriel, Adrian"]
[Result "0-1"]
[WhiteElo "1984"]
[BlackElo "2376"]
[PlyCount "86"]
[EventDate "2021.01.23"]
[EventType "team-tourn"]
[EventRounds "14"]
[EventCountry "ESP"]
[SourceTitle "EXT 2022"]
[Source "ChessBase"]
[SourceDate "2021.10.06"]
[SourceVersion "1"]
[SourceVersionDate "2021.10.06"]
[SourceQuality "1"]
[WhiteTeam "Blanco y Negro"]
[BlackTeam "Collado Villalba"]
[WhiteTeamCountry "ESP"]
[BlackTeamCountry "ESP"]

1. e4 c5 2. Nf3 Nc6 3. d4 cxd4 4. Nxd4 g6 5. Nc3 Bg7 6. Nde2 Nf6 7. g3 b5 8. Bg2 Rb8 9. 0-0 0-0 10. h3 d6 11. Be3 Nd7 12. Bd4 Nxd4 13. Nxd4 Qb6 14. Nce2 Bb7 15. Kh2 Rfc8 16. c3 b4 17. Rb1 Ba6 18. Re1 Nc5 19. Nf4 e6 20. cxb4 Qxb4 21. Nb3 Na4 22. Nd3 Bxd3 23. Qxd3 Nxb2 24. Qa6 Qb6 25. Qxb6 axb6 26. Re2 Na4 27. Rd2 Nc3 28. Rf1 Rd8 29. f4 Ra8 30. Rff2 Ra4 31. e5 d5 32. Rc2 Rc8 33. Rf3 Rac4 34. Bf1 R4c7 35. Nd4 Bf8 36. g4 Ne4 37. Rb2 Rc1 38. f5 Rd1 39. Nb3 Bb4 40. fxe6 fxe6 41. Be2 Re1 42. Bb5 Bc3 43. Rc2 Bxe5+ 0-1